00253nam a2200109Ia 4500008004100000100001500041245003300056260001700089650001300106942000700119999001700126190216s9999||||xx |||||||||||||| ||und|| aGovindan M 0aMoneyorderum Mattukathakalum bNbs Kottayam aKathakal cBK c24779d24779